01110cam a2200253 a 45000010008000000030006000080050017000140080041000310100017000720200015000890400018001040420009001220500024001310820020001551000024001752450047001992600036002463000020002825050424003026500048007266500041007746500020008156500021008354000278GBCCL20241126110542.0960919s1996 mnu j 000 0 eng  a 96045770  a0896935175 aDLCcDLCdDLC alcac00aBV4531.2b.M94 199600a248.83221bMYE1 aMyers, Bill,d1953-10aHot topics, tough questions /cBill Myers. aCanada :bVictor books,cc1987. a158p. ;c18 cm.0 aHow do I find God's will? -- What is God really like? -- Why do good people suffer? -- Sex: if you love someone, why not? -- Is there a heaven? -- How can I make God more real in my life? -- Is hell for real? -- The media: are we really what we eat? -- Death and suicide -- How can I raise happy parents? -- What about all this occult stuff? -- How come we're so right? -- What's all this new age stuff? -- Wrapping up. 0aYouthxReligious lifexJuvenile literature. 0aChristian lifexJuvenile literature. 1aChristian life. 1aConduct of life.